[Event "Titled Tuesday intern op 21st April"]
[Site "Chess.com INT"]
[Date "2020.04.21"]
[Round "6"]
[White "Fajdetic, Hrvoje"]
[Black "Wessman, Richard"]
[Result "0-1"]
[WhiteElo "2151"]
[BlackElo "2419"]
[PlyCount "68"]
[EventDate "2020.04.21"]
[EventType "swiss (blitz)"]
[EventRounds "10"]
[EventCountry "USA"]
[SourceTitle "EXT 2021"]
[Source "ChessBase"]
[SourceDate "2020.10.23"]
[SourceVersion "1"]
[SourceVersionDate "2020.10.23"]
[SourceQuality "1"]

1. d4 d5 2. Bf4 c6 3. e3 Nf6 4. Nd2 Bf5 5. c4 e6 6. Qb3 b6 7. Ngf3 Bd6 8. Ne5 0-0 9. Be2 c5 10. g4 Bxe5 11. Bxe5 Nxg4 12. Bxg4 Bxg4 13. Rg1 Qh4 14. cxd5 Nd7 15. Bg3 Qh5 16. f3 Bh3 17. d6 cxd4 18. exd4 Rac8 19. Ne4 Bf5 20. Qe3 Rc2 21. Be5 Bg6 22. Ng3 Qh3 23. Rc1 Rfc8 24. Rxc2 Rxc2 25. Kd1 Qxh2 26. Nf5 Rd2+ 27. Qxd2 Qxg1+ 28. Qe1 Qxe1+ 29. Kxe1 Bxf5 30. Kd2 Nxe5 31. dxe5 Kf8 32. b4 Ke8 33. Ke3 Kd7 34. Kf4 f6 0-1

[Event "Titled Tuesday intern op 21st April"]
[Site "Chess.com INT"]
[Date "2020.04.21"]
[Round "5"]
[White "Wessman, Richard"]
[Black "Muhammed, Shuaau"]
[Result "0-1"]
[WhiteElo "2419"]
[BlackElo "1893"]
[PlyCount "160"]
[EventDate "2020.04.21"]
[EventType "swiss (blitz)"]
[EventRounds "10"]
[EventCountry "USA"]
[SourceTitle "EXT 2021"]
[Source "ChessBase"]
[SourceDate "2020.10.23"]
[SourceVersion "1"]
[SourceVersionDate "2020.10.23"]
[SourceQuality "1"]

1. d4 d5 2. c4 e6 3. Nc3 Nf6 4. Bg5 Be7 5. e3 Nbd7 6. Nf3 h6 7. Bh4 0-0 8. Rc1 c5 9. cxd5 Nxd5 10. Bxe7 Qxe7 11. Nxd5 exd5 12. dxc5 Nxc5 13. Qxd5 Ne4 14. a3 Rd8 15. Qe5 Qxe5 16. Nxe5 Be6 17. Be2 Nd2 18. f3 Nb3 19. Rd1 Rdc8 20. Bd3 f6 21. Ng6 Kf7 22. Nf4 Rc7 23. 0-0 g5 24. Nxe6 Kxe6 25. Be4 Nc5 26. Bd5+ Ke7 27. e4 Ne6 28. Bxe6 Kxe6 29. Rf2 Rac8 30. Rfd2 Rc2 31. Kf2 Rxd2+ 32. Rxd2 Rc7 33. Ke3 Ke5 34. g3 h5 35. f4+ gxf4+ 36. gxf4+ Ke6 37. f5+ Ke7 38. Kf4 Rc4 39. Rg2 Kf7 40. h4 b5 41. Rg6 Rc2 42. Rh6 Rf2+ 43. Ke3 Rxb2 44. Rh7+ Kg8 45. Rxa7 Rh2 46. Ra5 Rxh4 47. Kd4 Rh3 48. Kd5 Kg7 49. Rxb5 Rxa3 50. Rb7+ Kh6 51. Rb6 Kg5 52. Rb8 Ra5+ 53. Ke6 Re5+ 54. Kf7 Rxe4 55. Rh8 Rh4 56. Ke6 Re4+ 57. Kf7 h4 58. Rg8+ Kxf5 59. Rh8 Rg4 60. Rh5+ Kf4 61. Kxf6 Kg3 62. Kf5 h3 63. Rh8 Rg7 64. Kf6 Rg4 65. Kf5 Rg7 66. Kf6 Ra7 67. Kf5 Ra5+ 68. Ke4 h2 69. Rg8+ Kf2 70. Rf8+ Kg2 71. Rg8+ Kh1 72. Kf3 Ra2 73. Rg7 Rb2 74. Rg8 Rb3+ 75. Kf2 Rb2+ 76. Kf1 Rb1+ 77. Kf2 Rg1 78. Rh8 Rg7 79. Rh6 Rf7+ 80. Kg3 Kg1 0-1

[Event "EU-Cup 21st"]
[Site "Saint Vincent"]
[Date "2005.09.20"]
[Round "3.4"]
[White "Horvath, Jozsef"]
[Black "Wessman, Richard"]
[Result "1-0"]
[WhiteElo "2512"]
[BlackElo "2426"]
[PlyCount "107"]
[EventDate "2005.09.18"]
[EventType "team-swiss"]
[EventRounds "7"]
[EventCountry "ITA"]
[SourceTitle "CBM 110"]
[Source "ChessBase"]
[SourceDate "2006.01.31"]
[SourceVersion "1"]
[SourceVersionDate "2006.01.31"]
[SourceQuality "1"]
[WhiteTeam "Zalaegerszeg"]
[BlackTeam "Stockholm"]
[WhiteTeamCountry "HUN"]
[BlackTeamCountry "SWE"]

1. c4 c6 2. d4 d5 3. Nc3 Nf6 4. e3 a6 5. Qc2 Bg4 6. Nge2 e6 7. Ng3 Bd6 8. h3 Bh5 9. Nxh5 Nxh5 10. e4 dxe4 11. g4 Nf6 12. g5 Ng8 13. Bg2 Ne7 14. Bxe4 b5 15. b3 bxc4 16. bxc4 Nf5 17. Bxf5 exf5 18. Qxf5 0-0 19. 0-0 Bb4 20. Ne4 Qxd4 21. Rb1 Re8 22. Rxb4 Qxe4 23. Qxe4 Rxe4 24. Rb7 Rd4 25. Bb2 Rd2 26. Bc1 Rd7 27. Re1 Rd8 28. Ree7 Rf8 29. Bf4 c5 30. Rec7 a5 31. Rxc5 a4 32. Bd6 Rd8 33. Rcc7 Na6 34. Rd7 Rxd7 35. Rxd7 h6 36. gxh6 gxh6 37. Rb7 Rc8 38. Rb5 Rxc4 39. Ra5 Nc7 40. a3 Ne6 41. Bb4 Ng5 42. Kg2 Kg7 43. Rxa4 Kg6 44. Ra6+ Ne6 45. Rb6 Kf5 46. Rb5+ Ke4 47. Bd2 Nd4 48. Rb4 Rxb4 49. Bxb4 f5 50. a4 f4 51. a5 f3+ 52. Kg3 Nf5+ 53. Kg4 Ne3+ 54. Kh5 1-0

[Event "SWE-chT 0506"]
[Site "Sweden"]
[Date "2005.??.??"]
[Round "3"]
[White "Nithander, Victor"]
[Black "Wessman, Richard"]
[Result "1-0"]
[WhiteElo "2317"]
[BlackElo "2502"]
[PlyCount "123"]
[EventDate "2005.10.??"]
[EventType "team"]
[EventRounds "11"]
[EventCountry "SWE"]
[SourceTitle "EXT 2008"]
[Source "ChessBase"]
[SourceDate "2007.11.25"]
[SourceVersion "1"]
[SourceVersionDate "2007.11.25"]
[SourceQuality "1"]
[WhiteTeam "Manhem"]
[BlackTeam "Stockholm Rockaden"]
[WhiteTeamCountry "SWE"]
[BlackTeamCountry "SWE"]

1. e4 c6 2. d4 d5 3. Nc3 dxe4 4. Nxe4 Nd7 5. Bc4 Ngf6 6. Ng5 e6 7. Qe2 Nb6 8. Bd3 h6 9. N5f3 c5 10. dxc5 Bxc5 11. Ne5 Nbd7 12. Ngf3 Qc7 13. 0-0 0-0 14. Re1 Nxe5 15. Nxe5 Bd6 16. b3 Bxe5 17. Qxe5 Qxe5 18. Rxe5 Bd7 19. Bb2 Bc6 20. b4 Rac8 21. c4 b6 22. f3 Rfd8 23. Bf1 Ba4 24. Re3 Be8 25. a3 Nh7 26. Ree1 Nf8 27. Red1 Ba4 28. Rxd8 Rxd8 29. Bc3 f6 30. Kf2 e5 31. f4 exf4 32. Re1 Kf7 33. c5 Bb3 34. c6 Ne6 35. b5 Nc7 36. Bb4 Be6 37. Re4 Rd5 38. a4 Rd8 39. Rxf4 Rd1 40. Be2 Rd8 41. Re4 f5 42. Rh4 Nd5 43. Rd4 Kf6 44. Bf3 Ke5 45. Rd1 Re8 46. Re1+ Kd4 47. Bd6 Bf7 48. Rxe8 Bxe8 49. Bb8 a5 50. Ba7 Bf7 51. c7 Be6 52. Bxd5 Kxd5 53. Bxb6 Kc4 54. Bxa5 Kb3 55. Bc3 Kxa4 56. b6 Bc8 57. Bxg7 Kb5 58. Bd4 Kc4 59. Be3 h5 60. Kf3 Kd3 61. h4 Kc4 62. Kf4 1-0

[Event "SWE-chT 0506"]
[Site "Sweden"]
[Date "2005.??.??"]
[Round "5"]
[White "Wessman, Richard"]
[Black "Nilsson, Sebastian"]
[Result "1-0"]
[WhiteElo "2502"]
[BlackElo "2263"]
[PlyCount "81"]
[EventDate "2005.10.??"]
[EventType "team"]
[EventRounds "11"]
[EventCountry "SWE"]
[SourceTitle "EXT 2008"]
[Source "ChessBase"]
[SourceDate "2007.11.25"]
[SourceVersion "1"]
[SourceVersionDate "2007.11.25"]
[SourceQuality "1"]
[WhiteTeam "Stockholm Rockaden"]
[BlackTeam "Lund"]
[WhiteTeamCountry "SWE"]
[BlackTeamCountry "SWE"]

1. d4 d5 2. c4 e6 3. g3 c5 4. Bg2 dxc4 5. Nf3 Nc6 6. Qa4 cxd4 7. Nxd4 Qxd4 8. Bxc6+ Bd7 9. Be3 Qd6 10. Bxd7+ Qxd7 11. Qxc4 Nf6 12. Nc3 Rc8 13. Qb3 Bc5 14. Bg5 Be7 15. 0-0 0-0 16. Rfd1 Qc6 17. Rac1 Qa6 18. Rd4 b6 19. Qa4 Qxa4 20. Rxa4 Rc7 21. Rd1 Ra8 22. Be3 Rb7 23. Rc4 Kf8 24. Kg2 Nd7 25. Ne4 Ke8 26. Nd6+ Bxd6 27. Rxd6 Ke7 28. Rd1 Ne5 29. Rc2 Rd7 30. Rdc1 Rad8 31. h3 f6 32. b4 Rd1 33. a4 Rxc1 34. Rxc1 Kd7 35. Bf4 Rc8 36. Rxc8 Kxc8 37. Bxe5 fxe5 38. Kf3 Kd7 39. Ke4 Kd6 40. b5 h6 41. g4 1-0

[Event "SWE-chT 0405"]
[Site "Sweden"]
[Date "2004.??.??"]
[Round "4"]
[White "Wessman, Richard"]
[Black "Lennart, Werner"]
[Result "1-0"]
[WhiteElo "2188"]
[BlackElo "2501"]
[PlyCount "83"]
[EventDate "2004.11.05"]
[EventType "team"]
[EventRounds "11"]
[EventCountry "SWE"]
[SourceTitle "EXT 2006"]
[Source "ChessBase"]
[SourceDate "2005.11.24"]
[SourceVersion "1"]
[SourceVersionDate "2005.11.24"]
[SourceQuality "1"]
[WhiteTeam "Stockholm Rockaden"]
[BlackTeam "Sodra"]
[WhiteTeamCountry "SWE"]
[BlackTeamCountry "SWE"]

1. c4 e5 2. Nc3 Nc6 3. e3 Nf6 4. Nf3 Bb4 5. Qc2 0-0 6. Nd5 h6 7. a3 Be7 8. Be2 d6 9. 0-0 Bg4 10. d3 Qd7 11. b4 Rae8 12. Bb2 Nd8 13. Rac1 Bf5 14. Rfd1 Ne6 15. Nxe7+ Rxe7 16. c5 Nh7 17. c6 bxc6 18. Qxc6 Nd8 19. Qxd7 Rxd7 20. d4 e4 21. Nh4 Bg6 22. Bg4 Re7 23. Bf5 Bxf5 24. Nxf5 Rd7 25. d5 f6 26. Rc4 Re8 27. Rdc1 g6 28. Ng3 Ree7 29. Nxe4 Kf7 30. Nc3 a6 31. b5 a5 32. Na4 f5 33. h3 Nf6 34. Bxf6 Kxf6 35. Nb2 Ke5 36. Nd3+ Kf6 37. Ra4 Nb7 38. Rc6 Re8 39. Rac4 Ree7 40. Ra6 g5 41. Ra7 Re4 42. Rc3 1-0

[Event "SWE-ch"]
[Site "Borlange"]
[Date "1995.??.??"]
[Round "2"]
[White "Degerman, Lars"]
[Black "Wessman, Richard"]
[Result "1-0"]
[WhiteElo "2485"]
[BlackElo "2440"]
[PlyCount "67"]
[EventDate "1995.07.??"]
[EventType "tourn"]
[EventRounds "13"]
[EventCountry "SWE"]
[EventCategory "6"]
[SourceTitle "CBM 049 Extra"]
[Source "ChessBase"]
[SourceDate "1996.01.01"]
[SourceVersion "1"]
[SourceVersionDate "1996.01.01"]
[SourceQuality "1"]

1. e4 c6 2. d4 d5 3. e5 Bf5 4. Nc3 e6 5. g4 Bg6 6. Nge2 f6 7. Nf4 fxe5 8. dxe5 Bf7 9. Qe2 Nd7 10. Bg2 Qc7 11. Nd3 Ne7 12. f4 h5 13. h3 hxg4 14. hxg4 Rxh1+ 15. Bxh1 0-0-0 16. Bd2 Bg6 17. f5 exf5 18. e6 Nb8 19. Bf4 Qb6 20. 0-0-0 Na6 21. Ne5 Be8 22. gxf5 Nxf5 23. Qg4 g6 24. Nxg6 Bxg6 25. Qxg6 Ne7 26. Qf7 Qc5 27. Ne4 Qb4 28. a3 Qa4 29. Nd6+ Kb8 30. Ne8+ Ka8 31. Qxf8 Nc8 32. Bg5 Nb4 33. Qxb4 Qxb4 34. Nc7+ 1-0

[Event "SWE-ch"]
[Site "Borlange"]
[Date "1995.??.??"]
[Round "7"]
[White "Ornstein, Axel"]
[Black "Wessman, Richard"]
[Result "1-0"]
[WhiteElo "2450"]
[BlackElo "2440"]
[PlyCount "110"]
[EventDate "1995.07.??"]
[EventType "tourn"]
[EventRounds "13"]
[EventCountry "SWE"]
[EventCategory "6"]
[SourceTitle "CBM 049 Extra"]
[Source "ChessBase"]
[SourceDate "1996.01.01"]
[SourceVersion "1"]
[SourceVersionDate "1996.01.01"]
[SourceQuality "1"]

1. c4 c6 2. e4 d5 3. exd5 cxd5 4. d4 Nf6 5. Nc3 Nc6 6. Bg5 Qa5 7. Bxf6 exf6 8. cxd5 Bb4 9. Qd2 Bxc3 10. bxc3 Qxd5 11. Nf3 Bh3 12. c4 Qe6+ 13. Qe3 Bg4 14. d5 Qxe3+ 15. fxe3 Bxf3 16. gxf3 Ne5 17. Rb1 0-0-0 18. f4 Nd7 19. Bh3 Kc7 20. Bxd7 Rxd7 21. Kd2 f5 22. a4 Kd6 23. Rb4 Rc8 24. a5 Rc5 25. Rhb1 Rcc7 26. Kc3 Re7 27. Kd3 Re4 28. h4 h5 29. R1b3 g6 30. Rxb7 Rexc4 31. Rxa7 Rxa7 32. Kxc4 Rxa5 33. Rb6+ Ke7 34. Rb7+ Kd6 35. Rb6+ Ke7 36. Rb5 Ra3 37. Kd4 Kd6 38. Rb6+ Ke7 39. Rb7+ Kd6 40. Rxf7 Ra4+ 41. Kd3 Kxd5 42. Rf6 Ra3+ 43. Ke2 Ra2+ 44. Kf3 Rh2 45. Rxg6 Kc4 46. Rf6 Rh3+ 47. Kf2 Kd3 48. Rxf5 Rxh4 49. Rd5+ Ke4 50. Re5+ Kd3 51. f5 Rh2+ 52. Kf3 Rh1 53. Rd5+ Kc4 54. Rd2 Rf1+ 55. Ke4 Rg1 1-0

[Event "SWE-ch"]
[Site "Borlange"]
[Date "1995.??.??"]
[Round "10"]
[White "Wessman, Richard"]
[Black "Jonsson, Mikael"]
[Result "1/2-1/2"]
[WhiteElo "2440"]
[BlackElo "2335"]
[PlyCount "144"]
[EventDate "1995.07.??"]
[EventType "tourn"]
[EventRounds "13"]
[EventCountry "SWE"]
[EventCategory "6"]
[SourceTitle "CBM 049 Extra"]
[Source "ChessBase"]
[SourceDate "1996.01.01"]
[SourceVersion "1"]
[SourceVersionDate "1996.01.01"]
[SourceQuality "1"]

1. d4 Nf6 2. Nf3 g6 3. g3 Bg7 4. Bg2 0-0 5. 0-0 d5 6. b3 c6 7. Bb2 Bf5 8. Nbd2 Nbd7 9. c4 Qa5 10. Re1 Ne4 11. Nxe4 Bxe4 12. Qd2 Qxd2 13. Nxd2 Bxg2 14. Kxg2 dxc4 15. Nxc4 Rfd8 16. Rac1 Nb6 17. Na5 Rab8 18. e3 Rd5 19. Bc3 Rd7 20. Bb4 e5 21. dxe5 Bxe5 22. Red1 Rbd8 23. Rxd7 Rxd7 24. Bc5 Kg7 25. Rc2 Kf6 26. f4 Bb8 27. Kf3 Ke6 28. e4 f5 29. Re2 Rd3+ 30. Re3 fxe4+ 31. Kxe4 Rd7 32. Kf3+ Kf7 33. Re4 Nd5 34. Bd4 a6 35. a3 Bd6 36. Nc4 Bc7 37. Be5 b5 38. Ne3 Nf6 39. Bxf6 Kxf6 40. Re8 Re7 41. Ra8 a5 42. Ra6 Re6 43. a4 bxa4 44. bxa4 Ke7 45. Nc4 c5 46. Ra7 Kd7 47. Nxa5 Re1 48. Nc4 Kc6 49. Ra6+ Kb7 50. Rf6 Ra1 51. Rf7 Rxa4 52. Ne3 Rd4 53. Rxh7 c4 54. Re7 c3 55. Nc2 Rd6 56. Re2 Kc6 57. h4 Kc5 58. Re4 Rd2 59. Ne3 Rd4 60. Nc2 Rd2 61. Ne3 Rd4 62. g4 Bb6 63. Rxd4 Kxd4 64. g5 Kd3 65. Nd5 Ba5 66. f5 c2 67. Nf4+ Kc4 68. Ne2 gxf5 69. Ke3 Be1 70. h5 Bh4 71. Kf4 Be1 72. Ke3 Bh4 1/2-1/2

[Event "Katrineholm"]
[Site "Katrineholm"]
[Date "1995.??.??"]
[Round "?"]
[White "Wessman, Richard"]
[Black "Vescovi, Giovanni P"]
[Result "1/2-1/2"]
[WhiteElo "2440"]
[BlackElo "2465"]
[PlyCount "97"]
[EventDate "1995.04.??"]
[EventType "tourn"]
[EventRounds "9"]
[EventCountry "SWE"]
[EventCategory "9"]
[SourceTitle "CBM 049"]
[Source "ChessBase"]
[SourceDate "1995.12.01"]
[SourceVersion "1"]
[SourceVersionDate "1995.12.01"]
[SourceQuality "1"]

1. d4 Nf6 2. c4 c5 3. d5 b5 4. Nf3 g6 5. Nfd2 b4 6. a3 Bg7 7. axb4 cxb4 8. e4 0-0 9. f3 d6 10. Nb3 e6 11. Be3 exd5 12. cxd5 Nh5 13. g4 f5 14. gxh5 fxe4 15. f4 Qh4+ 16. Kd2 Rxf4 17. Qe1 Qf6 18. Nd4 Rf3 19. Bg2 Rxe3 20. Qxe3 Qxd4+ 21. Qxd4 Bxd4 22. Bxe4 Nd7 23. hxg6 hxg6 24. Bxg6 Nc5 25. Kc2 Bb7 26. h4 Bxd5 27. Rh3 Rc8 28. Nc3 bxc3 29. bxc3 Ne4 30. Rd1 Nxc3 31. Rxd4 Nb5+ 32. Kd3 Be6 33. Re3 Rc3+ 34. Kd2 Rxe3 35. Kxe3 Nxd4 36. Kxd4 a5 37. Bc2 Kg7 38. Bd1 Kf6 39. Ke4 Bf7 40. Ba4 Kg6 41. Kf4 Kh5 42. Kf5 Kxh4 43. Kf6 Ba2 44. Ke7 d5 45. Kd6 Kg3 46. Kc5 Kf4 47. Bc6 a4 48. Bxd5 Bb3 49. Kb4 1/2-1/2

[Event "SWE-ch"]
[Site "Haparanda"]
[Date "1994.??.??"]
[Round "9"]
[White "Ornstein, Axel"]
[Black "Wessman, Richard"]
[Result "1/2-1/2"]
[WhiteElo "2445"]
[BlackElo "2425"]
[PlyCount "63"]
[EventDate "1994.??.??"]
[EventType "tourn"]
[EventRounds "13"]
[EventCountry "SWE"]
[EventCategory "6"]
[SourceTitle "EXT 2000"]
[Source "ChessBase"]
[SourceDate "1999.11.16"]
[SourceVersion "1"]
[SourceVersionDate "1999.11.16"]
[SourceQuality "1"]

1. e4 c6 2. d4 d5 3. exd5 cxd5 4. c4 Nf6 5. Nc3 e6 6. Nf3 Bb4 7. Bd3 dxc4 8. Bxc4 0-0 9. 0-0 a6 10. Bg5 b5 11. Bb3 Bb7 12. Qd3 Nbd7 13. Rfd1 Rc8 14. a4 Bxc3 15. bxc3 Be4 16. Qe3 Bd5 17. Bxd5 Nxd5 18. Bxd8 Nxe3 19. fxe3 Rfxd8 20. axb5 axb5 21. Rd3 Nc5 22. Rdd1 Na4 23. Rdb1 Nxc3 24. Rb3 Rc7 25. Ne5 Rdc8 26. Nd3 Ne4 27. Rxb5 g6 28. Re5 Rc3 29. Rxe4 Rxd3 30. Ra2 h5 31. h4 Kg7 32. Kf2 1/2-1/2

[Event "SWE-chT 9394"]
[Site "Sweden"]
[Date "1994.??.??"]
[Round "9"]
[White "Wessman, Richard"]
[Black "Hall, Jesper"]
[Result "1-0"]
[WhiteElo "2435"]
[BlackElo "2450"]
[PlyCount "95"]
[EventDate "1993.??.??"]
[EventType "team"]
[EventRounds "9"]
[EventCountry "SWE"]
[SourceTitle "EXT 2000"]
[Source "ChessBase"]
[SourceDate "1999.11.16"]
[SourceVersion "1"]
[SourceVersionDate "1999.11.16"]
[SourceQuality "1"]

1. e4 c5 2. Nf3 Nc6 3. Bb5 g6 4. 0-0 Bg7 5. c3 Nf6 6. Re1 0-0 7. h3 Qb6 8. Bc4 d6 9. a4 Nd7 10. Na3 Nde5 11. Nxe5 Nxe5 12. Bf1 Be6 13. a5 Qxa5 14. d4 cxd4 15. cxd4 Bb3 16. Qxb3 Qxe1 17. dxe5 Bxe5 18. Qd3 Qb4 19. Nc4 Bg7 20. Bg5 Rfe8 21. Ne3 Qxb2 22. Rb1 Qe5 23. Rb5 Qd4 24. Nd5 Qxd3 25. Bxd3 b6 26. Bxe7 Rac8 27. Bxd6 Rc1+ 28. Kh2 Bd4 29. Rb4 Be5+ 30. Bxe5 Rxe5 31. f4 Re6 32. e5 Kg7 33. Be4 a5 34. Rd4 b5 35. Nf6 a4 36. Rd8 Rxf6 37. exf6+ Kxf6 38. Ra8 Rc3 39. Ra6+ Kg7 40. Bc6 Rb3 41. Ra5 a3 42. Bxb5 Rb4 43. f5 Kf6 44. Bd3 Rd4 45. Ra6+ Kg5 46. Rxa3 gxf5 47. Bb1 Rd5 48. Ra7 1-0